[Event "Leon"]
[Site "Leon"]
[Date "1997.??.??"]
[Round "7"]
[White "Sion Castro, Marcelino"]
[Black "Mellado Trivino, Juan"]
[Result "1/2-1/2"]
[WhiteElo "2440"]
[BlackElo "2430"]
[Annotator "Finkel,A"]
[PlyCount "68"]
[EventDate "1997.06.05"]
[EventType "tourn"]
[EventRounds "9"]
[EventCountry "ESP"]
[EventCategory "10"]
[SourceTitle "CBM 060"]
[Source "ChessBase"]
[SourceDate "1997.09.29"]
[SourceVersion "1"]
[SourceVersionDate "1997.09.29"]
[SourceQuality "1"]

1. e4 e6 2. d4 d5 3. Nc3 Nf6 4. Bg5 Be7 5. e5 Nfd7 6. h4 $6 {Very risky gambit,
considered in modern theory as not leading to any opening advantage.} Bxg5 7.
hxg5 Qxg5 8. Nh3 Qe7 9. Nf4 Nc6 10. Qg4 Nxd4 11. Qxg7 $6 {It's more flexible
to play 11.0-0-0 first and only then to take on g7,because now white is forced
to change queens.} (11. O-O-O Nf5 (11... c5 $5 12. Qxg7 Qf8 13. Qg5 h6 14. Qh5
Nb6 15. Nb5 Nxb5 16. Bxb5+ Kd8 $13 {Dubois,M-Mercier,J/FRA-ch B 1989 (34)}) 12.
Ncxd5 (12. Nfxd5 Nxe5 $2 (12... Qd8 13. Nf4 Qe7 14. Re1 Nc5 15. Nh5 Qf8 16. Nb5
Na6 17. Bd3 $14 {Bramme,I-Houli,H/WchJW-U16 Szeged 1994 (35)}) 13. Qa4+ Bd7 14.
Nxc7+ Kf8 15. Qe4 f6 16. Nxa8 Bc6 17. Qe1 $16) 12... exd5 13. Nxd5 {[#]} Qxe5
$5 (13... Nxe5 14. Qa4+ (14. Qe2 Qd6 {[#]} 15. f4 Ng3 (15... f6 $2 16. fxe5
fxe5 17. Qh5+ g6 18. Qg5 O-O 19. Bc4 Kg7 20. Nf4 exf4 21. Rxd6 cxd6 22. Qxf4
Bd7 23. g4 $18) 16. Qe3 $1 Nxh1 17. fxe5 Qd8 18. Nf6+ gxf6 19. Rxd8+ Kxd8 20.
Qd4+ Ke8 21. Bb5+ c6 22. exf6 Bd7 23. Bd3 $14 {1-0 Timmerman,G-Carleton,J/corr
Finjub/GM1 1992 (25)}) 14... Bd7 15. Nxe7 $6 (15. Bb5 $5 Qd6 $2 16. Bxd7+ Nxd7
17. Nb6 $1 Qxb6 18. Qxd7+ Kf8 19. Qxf5 $36 {1-0 Leiber,B-Holmberg,S/corr
Olympiad prel. 1991 (22)}) 15... Bxa4 16. Nxf5 Kf8 17. Rh4 Bd7 18. Ne3 Bc6 19.
Rhd4 Re8 $17 {Velikhanli Firuza-Matveeva Svetlana/It (w), Rostov on Don 
(Russia) 1995 (65)}) 14. Bb5 O-O 15. Bxd7 Nh6 $5 (15... Bxd7 16. Qh5 $1 f6 17.
Nxf6+ Qxf6 18. Qxh7+ Kf7 19. Rxd7+ Ke8 20. Rxc7 $44) 16. Qg3 Qxg3 17. Ne7+ Kh8
18. fxg3 Bxd7 19. Rxd7 $11 Ng4 20. Rxc7 b5 21. Rh4 Nf6 22. Nf5 a6 23. a4 {
1/2-1/2 Khalifman,A-Gulko,B/Reykjavik WCup 1991}) 11... Qf8 12. Qxf8+ Kxf8 13.
O-O-O c5 14. Rh5 b6 15. Nb5 (15. Bb5 $6 Nxb5 16. Nxb5 Bb7 17. Rdh1 Ke7 18. Nd6
Bc6 $17 {Lengyel,B-Hoang Th Trang/Budapest FS02 IM-B 1995 (23)}) 15... Nc6 $1
$15 (15... Nxb5 $6 16. Bxb5 Ke7 17. Rdh1 Nf8 18. Bd3 a5 19. Bxh7 $14) 16. Re1
Ke7 17. Nd6 Nf8 (17... Ncxe5 $5 18. Nxc8+ Raxc8 19. Rexe5 Nxe5 20. Rxe5 Kd6 21.
Rh5 $132) 18. c4 $5 dxc4 (18... d4 $5 $15) 19. Bxc4 Bd7 {Finally threatening
to take on e5.} 20. Ne4 Ng6 21. Nd3 Rad8 22. Nf6 Bc8 $5 ({Interesting move.
Also after} 22... Nd4 $1 $17 {white's task would be extremly difficult.}) 23.
Re3 Ncxe5 $2 {Careless move after which black loses all the advantage.} (23...
Na5 $1 $17 {[%csl Rc4]}) 24. Nxe5 Nxe5 25. Nd5+ $1 exd5 26. Rhxe5+ Be6 (26...
Kf6 $5) 27. Bxd5 Rd6 28. Bxe6 Rxe6 29. Rxe6+ fxe6 30. Ra3 a5 31. Rb3 $11 Rg8
32. Rxb6 Rxg2 33. Rc6 Rxf2 34. Rxc5 Rf5 1/2-1/2

[Event "VISA Nordic GP Final"]
[Site "Gentofte"]
[Date "1999.08.14"]
[Round "7"]
[White "Hector, Jonny"]
[Black "Gretarsson, Helgi Ass"]
[Result "1/2-1/2"]
[WhiteElo "2505"]
[BlackElo "2521"]
[Annotator "Finkel,A"]
[PlyCount "81"]
[EventDate "1999.08.05"]
[EventType "tourn"]
[EventRounds "13"]
[EventCountry "DEN"]
[EventCategory "9"]
[SourceTitle "CBM 073"]
[Source "ChessBase"]
[SourceDate "1999.12.01"]
[SourceVersion "1"]
[SourceVersionDate "1999.12.01"]
[SourceQuality "1"]

1. e4 e6 2. d4 d5 3. Nc3 Nf6 4. Bg5 Be7 5. e5 Nfd7 6. h4 c5 7. Bxe7 Kxe7 8. f4
Qb6 9. Na4 Qa5+ (9... Qc6 10. c3 (10. Nxc5 Nxc5 11. dxc5 Qxc5 12. Qd2 Nc6 13.
Nf3 Bd7 14. h5 h6 15. c3 a5 16. Qf2 Qxf2+ $11 {Bucher,D-Baranyai,S/WchJM U26
1998}) 10... b6 11. Nf3 Ba6 12. Bxa6 Nxa6 13. O-O f5 14. exf6+ gxf6 15. f5 $36
{Churm,R-Sarkar,J/Smith & Williamson 1998}) 10. c3 b6 11. Rb1 $5 {[%cal Gb2b4]}
(11. Kf2 Ba6 12. Nf3 Bxf1 13. Rxf1 Nc6 14. Kg1 g6 15. b3 Rac8 16. a3 cxd4 17.
cxd4 b5 18. Nc5 $14 {Nataf,I-Ulibin,M/Rilton Cup 1999}) (11. a3 c4 12. b4 cxb3
13. Qxb3 Ba6 14. Bxa6 Nxa6 15. Ne2 Rhc8 16. O-O g6 $132 {Hunt,A-Sarkar,J/9th
S&W Young Masters 1999}) 11... c4 12. b4 cxb3 13. axb3 $5 (13. Qxb3 Ba6 14.
Bxa6 Nxa6 15. Ne2 Nc7 16. O-O $14) 13... b5 14. Nb2 Qxc3+ 15. Kf2 Ba6 16. Ne2 (
16. Rh3 Qb4 (16... Qa5) 17. Ra1 Rc8 18. Ne2 Kf8 19. Nd3 Qe7 20. b4 Bb7 $15)
16... Qa5 17. b4 $6 (17. Ra1 Qb6 18. b4 Nc6 19. Qd2 Rhc8 20. h5 h6 21. g4 Bb7
$15) 17... Qxb4 18. Nd3 Qa5 19. Nec1 Qb6 20. Nb3 b4 21. Nxb4 $2 Qxb4 $2 (21...
Bxf1 22. Rxf1 Qxb4) 22. Nc5 Qa3 (22... Qa5 23. Nxa6 Nxa6 24. Ra1 Qc3 25. Bxa6
Rhb8) 23. Nxa6 Nxa6 24. Rh3 Qa2+ 25. Be2 Rhc8 (25... Rhb8 26. Ra1 Qb2 27. Rxa6
Rb4 28. Rd3 Nb8 $5 $17 {[%cal Gb8c6]}) 26. Ra1 Qc2 27. Qxc2 Rxc2 28. Rxa6 Nb8
29. Ra4 Rb2 (29... a5 30. Rb3 Rc7) 30. Rc3 $1 Kd7 31. Ke3 Nc6 32. Ra6 Rc8 33.
Bd1 Rxg2 34. Rc5 (34. Ba4 Rg3+ 35. Kd2 Rxc3 36. Kxc3 f5 37. exf6 gxf6 38. f5
exf5 39. Kd3 f4) 34... Rb2 35. Ba4 Rb6 36. Rxa7+ Ke8 37. Rxc6 Rbxc6 38. Ra6 Kd7
39. h5 h6 40. Kf3 f5 41. Ke2 1/2-1/2

[Event "Chigorin Memorial 07th"]
[Site "St Petersburg"]
[Date "1999.11.03"]
[Round "2"]
[White "Solozhenkin, Evgeniy"]
[Black "Gabdushev, Ruslan"]
[Result "1-0"]
[WhiteElo "2544"]
[BlackElo "2375"]
[Annotator "Finkel,A"]
[PlyCount "103"]
[EventDate "1999.11.02"]
[EventType "swiss"]
[EventRounds "9"]
[EventCountry "RUS"]
[SourceTitle "CBM 074"]
[Source "ChessBase"]
[SourceDate "2000.02.01"]
[SourceVersion "1"]
[SourceVersionDate "2000.02.01"]
[SourceQuality "1"]

1. e4 e6 2. d4 d5 3. Nc3 Nf6 4. Bg5 Be7 5. e5 Nfd7 6. Bxe7 Qxe7 7. f4 a6 8. Qd2
c5 9. Nf3 Nc6 10. dxc5 Nxc5 11. Bd3 f6 (11... b5 12. a3 (12. O-O Bb7 13. Rae1
Qd7 14. f5 O-O-O 15. Qf4 Nxd3 16. cxd3 $16 {Kammer,R-Zentai,G/Budapest FS07
Elo 1998}) 12... O-O 13. O-O b4 14. Ne2 a5 15. Ned4 Nxd4 16. Nxd4 Ba6 17. Bxa6
Nxa6 18. axb4 Qxb4 19. c3 $14 {Berset,P-Caruso,D/Geneve op 1994}) (11... O-O
12. Qe3 (12. O-O-O f5 13. exf6 Qxf6 14. g3 Bd7 15. Ng5 Nxd3+ 16. Qxd3 Qf5 17.
Qxf5 Rxf5 18. Rhe1 $14 {Polgar,S-Gulko,B/Aruba 1992}) (12. O-O f5 13. exf6 Qxf6
14. g3 Bd7 15. Rae1 Be8 (15... Rac8 16. a3 h6 17. h4 $2 Be8 $1 18. Kh2 Nxd3 19.
cxd3 Bh5 $10 {Hjartarson,J-Seirawan,Y/Reykjavik/WCup/1991}) 16. Ne5 $1 Rc8 17.
Rf2 $14 {Stefansson,H-Hjartarson,J/ISL-ch plof 1995}) 12... f5 13. exf6 Nxd3+
14. Qxd3 Qxf6 15. g3 Bd7 16. Ng5 Qf5 17. Qxf5 Rxf5 18. O-O-O Rd8 19. Ne2 $1 $14
{Ljubojevic,L-Seirawan,Y/Reykjavik WCup 1991}) (11... Bd7 12. Ne2 Rc8 13. a3 f6
14. Qe3 fxe5 15. fxe5 O-O 16. O-O Nxd3 17. cxd3 Nd8 18. Ned4 $14 {Spangenberg,
H-Celestino,G/Mar del Plata op 1997}) (11... Nxd3+ 12. cxd3 f6 (12... Bd7 13.
O-O O-O 14. Rae1 Qb4 15. Rf2 f6 16. exf6 Rxf6 17. Ne5 Nxe5 18. Rxe5 $14 {
Gross,S-Bozic,M/Litomysl op 1995}) 13. exf6 Qxf6 14. O-O O-O 15. g3 b5 16. Rac1
Bd7 17. d4 Rac8 18. Ne5 Nxe5 19. fxe5 Qe7 $11 {Genser,H-Thaler,H/AUT-chT2S
9798 (19)}) 12. O-O O-O ({Black doesn't solve the opening problems after} 12...
fxe5 13. Nxe5 Nxe5 14. fxe5 Bd7 15. Qe3 Bc6 16. Ne2 $14 {and white keeps an
upper hand.}) 13. Rae1 Bd7 (13... f5 $5 14. Qe3 Bd7 15. Ne2 b5 16. Ned4 Rac8
17. Rd1 $14) 14. exf6 Qxf6 15. Ne5 Be8 16. Qf2 Nxd3 $5 (16... Nd7 $5 17. Ng4
Qd4 18. Rxe6 (18. Ne2) 18... Rxf4 19. Qxd4 Rxd4 20. Rfe1 Bf7 21. Rd6 $14) 17.
cxd3 Nxe5 18. Rxe5 Qxe5 19. fxe5 Rxf2 20. Kxf2 Kf8 21. Ke3+ Ke7 22. Rc1 $14 Kd8
(22... Bc6 23. Rf1 Rc8 24. Ne2 Bd7 25. Nd4 a5 26. h4 b6 27. Kd2 $14) 23. Ne2
Rc8 $6 {Strategical mistake making black's defensive task much more difficult.
Without the rooks the agvantage of white knight over the black bishop is more
significient.} 24. Rxc8+ Kxc8 25. Nf4 Kd7 26. h4 {Securing the knight on f4.} (
26. b4 $6 g5 27. Ne2 (27. Nh3 h6 28. Nf2 Bh5 29. Kd4 Kc6 30. a4 b6 $11) 27...
h6 28. Nd4 Bf7 29. a4 b6 $14) 26... Bf7 (26... a5 $5 27. Kd4 b6 28. g4 Ke7 29.
g5 Bb5 $14) 27. Kd4 Kc6 28. g4 b6 29. g5 Kd7 $2 {Another strategical mistake,
and this time with very painfull conseqaunces.It was nessasary to play} (29...
a5 $1 30. h5 Kd7 31. h6 gxh6 32. gxh6 Ke7 33. Kc3 Kd7 34. b4 axb4+ 35. Kxb4 Kc6
36. d4 $14 {[%cal Ga2a5] with significient chanses to hold the position.}) 30.
b4 $16 Be8 (30... Kc7 31. a4 Kc6 32. h5 $1 {[%cal Gg5g6]} Kd7 33. a5 bxa5 34.
bxa5 $16) 31. a4 a5 {Otherwise white would play a5 himself.} 32. bxa5 bxa5 33.
Kc5 Ke7 34. Kb6 Bxa4 35. Kxa5 Bd1 36. Kb6 Bg4 (36... Kd7 37. d4 Bf3 38. Nd3 Bg4
39. Nc5+ Ke7 40. Kc7) 37. Kc7 $18 {Black has only one weakness-the pawn on e6,
but he proves uncapable to defend it.} Bf3 38. d4 {[%cal Gf4d3,Gd3c5,Gc5d7,
Gd7b8,Gb8c6]} Bg4 39. Nd3 h6 40. Nc5 hxg5 41. hxg5 Bf5 (41... Be2 42. Nd7 Bb5
43. Nb8 Ba4 44. Nc6+ Bxc6 45. Kxc6 $18) 42. Nb7 g6 (42... Kf7 43. Kd6 Kg6 44.
Nd8 Kxg5 45. Nxe6+ Kh6 46. Nc7 $18) 43. Na5 Bg4 44. Nc6+ Ke8 45. Kd6 {[%cal
Gc6a5,Ga5b7,Gb7c5]} Bh3 46. Na5 Bg4 47. Nb7 Bf5 48. Nc5 Kf7 49. Kd7 {[%csl Re6]
[%cal Gc5b7,Gb7d8]} Bg4 50. Nb7 Bf5 51. Nd8+ Kf8 52. Kd6 $1 1-0

[Event "Sarkisov Memorial"]
[Site "Krasnodar"]
[Date "1999.??.??"]
[Round "1.1"]
[White "Tseshkovsky, Vitaly"]
[Black "Maiorov, Oleg Ivanovich"]
[Result "1/2-1/2"]
[WhiteElo "2556"]
[BlackElo "2400"]
[Annotator "Finkel,A"]
[PlyCount "117"]
[EventDate "1999.??.??"]
[EventType "tourn"]
[EventRounds "14"]
[EventCountry "RUS"]
[EventCategory "9"]
[SourceTitle "CBM 075"]
[Source "ChessBase"]
[SourceDate "2000.04.05"]
[SourceVersion "1"]
[SourceVersionDate "2000.04.05"]
[SourceQuality "1"]

{[%mdl 2432]} 1. e4 {Hecht.} e6 2. d4 d5 3. Nc3 Nf6 4. Bg5 Be7 5. e5 Nfd7 6.
Bxe7 Qxe7 7. f4 a6 8. Nf3 b6 $5 {Slightly passive variation nevertheless
promising black sufficient counterchanses.The main idea of this move is not to
give white square d4 for his pieces.} 9. Bd3 (9. Qd2 Bb7 10. O-O-O c5 11. g3
Nc6 12. Qe3 O-O-O 13. Bh3 g6 14. Rhe1 Kb8 15. Ne2 $14 {Kulikov,V-Maiorov,O/
RUS-sf 1995}) 9... c5 10. O-O (10. Qd2 Nc6 11. Qf2 Bb7 12. O-O g6 13. Rae1 b5
14. dxc5 Qxc5 15. Ne2 Qxf2+ 16. Kxf2 Nc5 17. Ned4 $14 {Barreiro,A-Mellano,S/
Buenos Aires GP1 1994}) 10... Nc6 11. Qe1 ({Deserved attention continuation} 
11. Kh1 $5 Bb7 12. a3 O-O-O 13. b4 $5 Nxd4 14. Nxd4 cxd4 15. Ne2 f6 16. Nxd4
fxe5 17. fxe5 Nxe5 18. Nxe6 $1 $14 {with better chanses; Scholz,C-Kern,G/NRW-I
1993}) 11... Bb7 12. a3 O-O-O (12... g6 13. Qf2 h6 (13... f5 14. Rfd1 c4 15.
Bf1 b5 16. b3 Rc8 17. bxc4 bxc4 18. h4 Nd8 19. h5 Nf7 $132 {Almasi,Z-Bagonyai,
A/HUN-chT 1993}) 14. Nd1 cxd4 15. Nxd4 Nxd4 16. Qxd4 Qc5 17. c3 Nb8 18. Qxc5
bxc5 19. b4 Nd7 $11 {Freitag,M-Weinzettl,E/AUT-chT9596}) 13. dxc5 (13. Na2 g5
$1 14. fxg5 $6 Nxd4 15. Nxd4 cxd4 16. Qg3 Rhg8 $17 {Dominguez Rueda,J-Hergott,
D/Hospitalet op 1993}) 13... bxc5 14. Rf2 $5 {[%cal Gd3f1] Preparing b4.} h6 {
[%cal Gg7g5]} 15. b4 c4 ({Too dangerous is} 15... cxb4 16. axb4 Nxb4 17. Bf1 g5
18. Na4 gxf4 19. Nd4 $36 {and white has very dangerous initiative.}) 16. Bf1 g5
17. b5 axb5 18. Nxb5 gxf4 19. Rb1 Ba6 20. Nbd4 (20. Nfd4 $2 Bxb5 21. Nxb5 Ndxe5
22. Rxf4 Kd7 $17) 20... Ndb8 $1 {Keeping square a5 under control.} (20... Ndxe5
$2 21. Nxe5 Nxd4 22. Qa5 Bb7 23. Qa7 Nf5 24. Rb5 Rd7 25. c3 $1 $16 {[%cal
Gf2b2]}) 21. c3 Rd7 22. Rfb2 (22. Qc1 $5) 22... Rb7 23. Rxb7 Bxb7 24. Nb5 Ba6
25. a4 Nd7 26. Qf2 {Threatening at some stage to play Na7 with decisive attack.
} Bxb5 (26... Ndxe5 27. Nxe5 Nxe5 28. Qb6 $1 Bxb5 29. Rxb5 $18 {[%csl Rc8]})
27. axb5 Ncxe5 28. Nxe5 Nxe5 29. Ra1 $1 $44 {[%cal Ga1a7,Gf2a2] Also after
exchanges white keeps an initiative.} Nd7 $8 (29... Kb8 $2 30. Qb6+ Qb7 31.
Qd6+ Qc7 32. Ra8+ $18) 30. Ra8+ Nb8 31. Ra7 Qd6 $6 ({Better was} 31... Nd7 $5 {
and white has to repeat the moves.}) 32. Rxf7 Rf8 33. Rh7 Nd7 (33... e5 $2 34.
Be2 {[%cal Ge2g4]} Nd7 35. Bg4 Rd8 36. Qa7 $18) 34. Rxh6 Re8 (34... Nf6 $6 35.
Qa7 e5 36. b6 $16) 35. Be2 Qa3 36. Qxf4 Rf8 (36... Qxc3) 37. Qd2 Qa1+ 38. Qd1 (
38. Bd1 Nc5) 38... Qxd1+ 39. Bxd1 {Hecht: '[#] Merkmale: schlechte
Königspositionen Themen: Freibauern, Mattangriff, '} Nc5 $132 {The arising
endgame is extremly complicated and very difficalt to eliminate.} 40. Bg4 Kd7
41. h4 Rf4 42. Bd1 $1 (42. Bf3 d4 43. cxd4 c3 44. Bd1 Rxd4 45. Bc2 Rd2 46. Bg6
c2 47. Bxc2 Rxc2 $17) 42... Ne4 (42... d4 $5 43. g3 Re4 44. Rf6 $1 dxc3 45. Bc2
$14 {[%cal Gh4h7]}) 43. b6 Nxc3 44. g3 Rd4 $2 {In this kind of positions the
value of each move is extremly high:after the move in the game black finds
himslf in serious troubles.} (44... Nxd1 $4 45. gxf4 c3 46. Rh7+ Kc8 47. h5 d4
48. h6 $18) (44... Rf8 $1 $132) 45. Bc2 Rd2 46. Rh7+ Kc8 $8 (46... Kd6 $4 47.
b7 $18) 47. Bg6 $18 Ne2+ ({Nothing changes} 47... Rb2 48. h5 Ne2+ (48... Rxb6 {
Hecht} 49. h6 Rb2 50. Bh5 Rb1+ 51. Kg2 Rb2+ 52. Kh3 Ne4 53. Rg7 Nf6 54. Rf7 $18
) 49. Kf2 Nd4+ 50. Kf1 Rxb6 51. h6 c3 52. Rg7 c2 53. Bxc2 e5 54. Rg6 $18 {
and white is wining.}) 48. Kf2 c3 49. h5 Kb8 50. Rc7 $1 (50. Ke1 $2 Nxg3 51. h6
d4 52. Rc7 Re2+ 53. Kd1 Rd2+ 54. Ke1 (54. Kc1 Ne2+ 55. Kb1 Rb2+ 56. Ka1 Nc1 $19
) 54... Re2+ $11) 50... d4 {'?!' Hecht. Hecht: 'Macht den Läufer riesenstark
und bringt den eigenen König in unnötige Mattgefahren.'} (50... e5 $1 {Hecht}
51. Bf7 Nd4+ 52. Ke3 Nf5+ 53. Kf3 c2 54. Bxd5 $11) 51. Be4 d3 {'?' Hecht.} (
51... Nf4+ $142 {Hecht} 52. Kf3 Nd5 53. Bxd5 (53. Rg7 Rh2) 53... exd5 54. h6
Rh2 55. h7 c2 56. Rxc2 Rxh7 57. Rd2 Rf7+ 58. Kg2 Kb7 59. Rxd4 Rd7 (59... Kxb6
60. Rxd5 Kc6 61. Rd3 $18) 60. Rb4 d4 (60... Rd6 61. g4 $18) 61. Kf2 d3 62. Ke1
d2+ 63. Kd1 Rd3 64. g4 Rd5 65. Rb3 Rg5 66. Rg3 Kxb6 67. Kxd2 Kc5 68. Ke3 Kd6
69. Kf4 Rg8 70. Re3 Rf8+ 71. Kg5 Rg8+ 72. Kf5 Rf8+ $11) 52. Ke3 $2 ({After the
most natural move} 52. h6 $1 Nd4+ (52... Nc1+ 53. Kf3 Rh2 54. Rf7) 53. Ke3 Nf5+
54. Bxf5 exf5 55. h7 (55. Rxc3 {Hecht} Rh2 56. Rxd3 Rxh6 57. Kf4 Rf6 58. Rd5
$18) 55... Rh2 56. Kxd3 c2 57. Rxc2 Rxh7 58. Ke3 $18 {white would reach easily
wining endgame.}) (52. Re7 {Hecht} Nf4+ 53. Kf3 Nd5 54. Re8+ Kb7 55. Rxe6 c2
56. Bxd5+ {und Matt in wenigen Zügen.}) 52... Nxg3 $11 53. Bxd3 Nxh5 54. Ba6
Rd8 55. Rxc3 Nf6 56. Rd3 Nd5+ 57. Kd2 Rd6 58. Bc4 Kb7 59. Bxd5+ 1/2-1/2

[Event "Excelsior Cup"]
[Site "Gothenburg"]
[Date "1999.01.08"]
[Round "2"]
[White "Hector, Jonny"]
[Black "Brynell, Stellan"]
[Result "1-0"]
[WhiteElo "2542"]
[BlackElo "2489"]
[Annotator "Finkel,A"]
[PlyCount "71"]
[EventDate "1999.01.07"]
[EventType "tourn"]
[EventRounds "9"]
[EventCountry "SWE"]
[EventCategory "10"]
[SourceTitle "CBM 069"]
[Source "ChessBase"]
[SourceDate "1999.04.01"]
[SourceVersion "1"]
[SourceVersionDate "1999.04.01"]
[SourceQuality "1"]

1. e4 e6 2. d4 d5 3. Nc3 Nf6 4. Bg5 Be7 5. e5 Nfd7 6. h4 $6 {This continuation
used to be popular about 60 years ago,but now it's considered absolutely
harmless and frankly speaking not without a reason!} Bxg5 7. hxg5 Qxg5 8. Qd3
$5 {Probably the best move in the position;others promise white even less:} (8.
Nf3 Qe7 9. Qd2 Nb6 (9... Nc6 10. Nb5 Nb6 11. c3 a6 12. Na3 Bd7 13. Nc2 O-O-O
14. Bd3 h6 $15 {Csapkovics-Noble,A/St.Ingbert op 1987 (44)}) 10. g4 Bd7 11. Bd3
Nc6 12. O-O-O O-O-O 13. Kb1 Kb8 14. Rh5 Nb4 $15 {Steiner,B-Seitz,H/
Mittelfranken 1985}) (8. Rh5 $5 Qe7 9. Qg4 f5 10. Qh3 Nf8 11. O-O-O Bd7 12. g4
fxg4 13. Qxg4 Nc6 14. Rg5 Rg8 15. Nge2 $44 {Velimirovic,D-Kovacevic,V/JUG-chT
1989 (28)}) 8... h5 (8... g6 9. Nf3 Qe7 10. Qe3 Nc6 11. O-O-O Nb6 12. Ng5 (12.
Rh6 $5 Bd7 13. Qg5 Qxg5+ 14. Nxg5 Ke7 15. Nxh7 Rac8 16. f4 $14 {Hector,
J-Brynell,S/Malmo 1993}) 12... Bd7 13. Nxh7 O-O-O 14. Be2 Be8 15. a3 Kb8 16.
Bb5 $14 {Hector,J-Fries Nielsen,J/Stavanger op 1991 (40)}) 9. Nf3 Qe7 10. g4 g6
({After} 10... h4 11. O-O-O Nb6 (11... g5 $6 12. Qe3 Rg8 13. Nd2 Nb6 14. f4
gxf4 15. Qxf4 Nc6 16. Nf3 $14) 12. Qe3 Nc6 13. g5 Bd7 14. Nxh4 O-O-O 15. f4 $14
{white has some pressure on the kingside.}) 11. gxh5 gxh5 ({Worse is} 11...
Rxh5 $6 12. Rxh5 gxh5 13. Qh7 $1 $36 {and black faces problems.}) 12. Qe3 Nb6
13. O-O-O Bd7 14. Be2 Nc6 15. Qf4 $1 O-O-O 16. Rdg1 $1 $14 {An active position
of the pieces and weakness of h-pawn fully compensate white for the lack of
pawn.} Rdf8 17. Rg7 Be8 18. a3 $5 {[%csl Re7] Covering square b4.} Nd8 $1 {
[%cal Gc7c5]} 19. Rhg1 $5 h4 (19... c5) 20. Rh1 c5 21. dxc5 Qxc5 22. Nd4 Nc4
23. Rg4 $6 {Risky move after which white has to be very carefull to keep the
balance.Better was} (23. Bxc4 Qxc4 24. Nce2 (24. Rxh4 Rxh4 25. Qxh4 Nc6 26.
Ncb5 Qf1+ 27. Kd2 Nxe5 28. Qe7 Qxf2+ 29. Kc3 Qe3+ 30. Kb4 $13) 24... Nc6 25.
Rg4 h3 26. Rg3 h2 27. Rg2 Nxd4 28. Nxd4 $14 {with preferable position.}) 23...
Nc6 $2 {Miscalculation or lack of confidance!Black should take the pawn on a3,
leaving white to decide what to do:} (23... Nxa3 $1 24. Rgxh4 $5 (24. Nb3 $6
Qc7 25. Qb4 (25. Qe3 Nc4 26. Bxc4 (26. Qxa7 Nxe5 27. Rgxh4 Rxh4 28. Rxh4 Rg8
$17) 26... dxc4 27. Nd2 b5 $1 $15) 25... Nc4 26. Bxc4 Nc6 $1 27. Qc5 Nxe5 28.
Qxc7+ Kxc7 $19) 24... Rxh4 25. Rxh4 Rg8 26. Nb3 Qc7 27. Kd2 Nc4+ 28. Bxc4 dxc4
29. Qxc4 $11) 24. Nb3 Qb6 (24... Qe7 25. Bxc4 dxc4 26. Nd2 $16) 25. Bxc4 dxc4
26. Nd2 $1 $16 {Now black is in serious troubles.} h3 27. Nxc4 Qc7 28. Rg3 h2 (
28... f6 29. Nb5 Qe7 30. Rgxh3 (30. Nbd6+ Kb8 31. Rgxh3 Rxh3 32. Rxh3 fxe5 33.
Qg3 $16) 30... Rxh3 31. Rxh3 fxe5 32. Qe3 $16) 29. Nb5 Qe7 30. Rb3 Rh4 $6 {
Loosing on the spot.More persistant was} (30... Qh4 $5 31. Nbd6+ (31. Qe3 $5)
31... Kb8 32. Rxb7+ Ka8 33. Qe3 (33. Qxh4 $5 Rxh4 34. Rc7 Rg8 35. Rxh2 Rxh2 36.
Rc8+ Nb8 37. Nxe8 $40) 33... Nd4 (33... Rfg8 34. Qxa7+ $3 Nxa7 35. Nb6#) 34.
Rxh2 $1 Qxh2 35. Qxd4 $18 {although even in this case nothing can save black
from defeat.}) 31. Nbd6+ $18 Kb8 32. Rxb7+ Ka8 33. Rxe7 Rxf4 34. Rc7 $1 Rh4 35.
Rc8+ Nb8 36. Nxe8 1-0